000 00318nam a2200133Ia 4500
008 240624s9999 xx 000 0 und d
041 _aeng
082 _a823 LUD
100 _aLUDLUM ROBERT
245 _aMOSCOW VECTOR
260 _c2005
_aNew Delhi
_bOrion Books Ltd.
300 _a535 : p. : cm. ; 17
365 _cGBP
999 _c24099
_d24099